Niemieckie nazwy polskich miejscowości - Statystyki

Ogólne statystyki
  • Ten quiz został rozwiązany 68 razy
  • Średni wynik to 8 z 30
Statystyki odpowiedzi
Dawna nazwa Obecna % Poprawnych
Oppeln Opole
98%
Stettin Szczecin
95%
Breslau Wrocław
95%
Posen Poznań
92%
Liegnitz Legnica
77%
Gleiwitz Gliwice
69%
Waldenburg Wałbrzych
58%
Kustrin Kostrzyn nad Odrą
40%
Glatz Kłodzko
27%
Guttentag Dobrodzień
26%
Wohlau Wołów
21%
Schlichtingsheim Szlichtyngowa
16%
Kreuz Krzyż Wielkopolski
13%
Borken Borek Wielkopolski
8%
Dyhenfurth Brzeg Dolny
8%
Ziebingen Cybinka
8%
Xions Książ Wielkopolski
8%
Kolzig Kolsko
6%
Friedland im Niederschlesien Mieroszów
6%
Bobersberg Bobrowice
5%
Boyadel Bojadła
5%
Schwarzenau Czerniejewo
3%
Betsche Pszczew
3%
Reisen Rydzyna
3%
Triebel Trzebiel
3%
Waltersdorf Niegosławice
2%
Prittisch Przytoczna
2%
Altkarbe Stare Kurowo
2%
Stentsch Szczaniec
2%
Weine Wijewo
2%
Nie znaleziono quizów pasujących do podanych kryteriów
Rozkład punktacji
Procent ludzi z każdym wynikiem
Percentyl według liczby udzielonych odpowiedzi
Twoja historia wyników
Nie rozwiązałeś tego quizu